00709nam a2200193 i 450000100060000000300090000600500170001500700030003200800410003510000310007624501080010726000370021530000220025270000340027470000360030885200320034499900170037695201220039395356ES-MaACL20230906181704.0t|050526s1966 sp ||||1| spa d1 aLyonnet, Stanislas.97495610aApóstol de Jesucristo / cStanislas Lyonnet; [edición preparada por Carlos Sierra y J. A. Paredes]. aSalamanca : bSígueme, c1966. a279 p. ; c19 cm.1 aSierra, Carlos de la.91062441 aParedes Muñoz, Juan A.989054 aES-MaACLjC-30642 bR.70062 c95356d95356 00104070aATENEOMbATENEOMcDEPO2d2008-01-17eSCl0oC-30642p1099571r2023-02-23 00:00:00w2023-02-23yMONOGRAFIA